000 00791nam a2200265 a 4500
001
003 DO-SdBNP
005 20210930130008.0
008 091001s1997 dr a r 001 0 spa d
020 _a8460568237
040 _aDO-SdBNP
_bspa
_cBPMSU
082 4 _aRD861.44
_bC737s 1997
_222
100 1 _aComprés, Carmen
245 1 0 _aSerá otro azul /
_cCarmen Comprés ; ilustraciones Janet Quevedo.
260 _aSanto Domingo :
_bAmigo del Hogar,
_c1997.
300 _a76 p. :
_bil. ;
_c23 cm.
500 _aIncluye datos biográficos del autora en la solapa de la cubierta
500 _a
590 _aInventariado, 2021/VM
650 4 _aPoesía dominicana
650 4 _aLiteratura dominicana.
700 1 _aQuevedo, Janet,
_eils.
910 _a VMateo V.
942 _2ddc
_cBK
999 _c13742
_d13742